Loading...
Recent Indian fiction /
| Andre forfattere: | |
|---|---|
| Format: | Printed Book |
| Udgivet: |
New Delhi :
Prestige Books ,
2007.
|
| Fag: |
| LEADER | 00469cam a2200145ua 4500 | ||
|---|---|---|---|
| 999 | |c 38501 |d 38501 | ||
| 020 | |a 8185218811 | ||
| 082 | |a In 823.09 |b REC | ||
| 245 | |a Recent Indian fiction / | ||
| 260 | |a New Delhi : |b Prestige Books , |c 2007. | ||
| 300 | |a 238p ; | ||
| 650 | |a Indian literature in english | ||
| 700 | |a Pathak, R S Ed. | ||
| 942 | |c BK | ||
| 952 | |0 0 |1 0 |4 0 |6 IN_823_090000000000000_REC |7 0 |9 49314 |a KU |b KU |d 2015-07-05 |l 3 |o In 823.09 REC |p EN14266 |r 2019-09-16 |s 2018-06-21 |y BK | ||